000 00644nam a2200205Ia 4500
005 20240530110932.0
008 140319s1988 xx 000 0 ara d
040 _aGCL /
_cGCL
082 0 4 _a811.082 /
_bم ع
100 1 _aمقداد رحيم
245 1 0 _aعفوا ايها الساتر /
_cمقداد رحيم
260 _aالعراق :
_bدار الشئون الثقافية العامة ،
_c1988
300 _a80 ص؛
_b20 سم
650 0 4 _aالشعر العربى
650 0 4 _aالعصر الحديث
650 0 4 _aتاريخ
651 _aالعراق
942 _2ddc
_cBK
999 _c66660
_d66660